Nommez une réponse valide #2 - Sport - Statistiques

Statistiques générales
  • Ce quiz a été pris 623 fois
  • Le résultat moyen est 6 sur 15
Statistiques - réponses
Réponses possible Question Réponse % Correct
4 L'une des 4 équipes les plus titrées en NBA. Los Angeles Lakers | Boston Celtics | Chicago Bulls | Golden State Warriors
93%
5 Club ayant remporté 2 ligues des champions de Football masculin. Nottingham Forest | Juventus Turin | FC Porto | Chelsea | Benfica Lisbonne
76%
5 Équipe ayant perdue une finale de ligue des champions de Football contre l'Olympique Lyonnais Féminin. FFC Turbine Potsdam | FFC Francfort | VfL Wolfsburg | Paris Saint-Germain | Barcelone
73%
5 Stade Anglais d'au moins 60000 places. Wembley Stadium | Old Trafford | Tottenham Hotspur Stadium | Emirates Stadium | Stade olympique de Londres
57%
3 Équipe de Handball masculin ayant disputé 3 finales de coupe du monde consécutivement. Danemark | Suède | Roumanie
54%
6 L'un des postes au Volley-Ball. Passeur | Réceptionneur-attaquant | Attaquant | Central | Libéro | Spécialiste de la défense
50%
4 Un des sports "additionnels" des JO de Paris 2024. Le breaking | Le surf | L'escalade | Le skateboard
44%
4 Cycliste ayant remporté au moins 5 tour de France. Jacques Anquetil | Eddy Merckx | Bernard Hinault | Miguel Indurain
41%
5 "Nom" donné aux points au judo koka | yuko | waza-ari | waza-ari awasete ippon | ippon
34%
3 Équipe vainqueur d'un SuperBowl depuis 2020. Kansas City Chiefs | Los Angeles Rams | Tampa Bay Buccaneers
23%
3 Tennisman sud-Américain ayant remporté Roland Garros depuis 1990. Andres Gomez | Gustavo Kuerten | Gaston Gaudio
16%
2 Rugbyman ayant inscrit au moins 100 essais en première division Française. Vincent Clerc | Laurent Arbo
14%
5 Pilote champion du monde de Rallye auto plus de 20 fois et qui n'est pas français. Juha Kankkunen | Tommi Mäkinen | Colin McRae | Carlos Sainz | Marcus Grönholm
13%
5 L'une des 5 catégories de boxeurs "les plus légers". Coqs | Super-mouches | Mouches | Mi-mouches | Pailles
7%
4 L'une des 4 grandes catégories de club au Golf. Les clubs bois | Les clubs fers | Les wedges | Les putters
2%
Aucun quiz correspondant
Distribution des résultats
% des personnes avec chaque résultat
Percentile par nombre de réponses
Votre historique - résultats
Vous n’avez pas pris ce quiz